[Event "Ch USA"]
[Site "masterchessopen.com - New York (USA)"]
[Round "1"]
[White "Byrne Donald (USA)"]
[Black "Reshevsky Samuel H (USA)"]
[Result "1/2-1/2"]
[WhiteElo "2470"]
[BlackElo "2430"]

1.c4 Nf6 2.Nc3 g6 3.g3 Bg7 4.Bg2 O-O 5.d3 c5 6.Rb1 Nc6 7.a3 a5 8.e4 d6 9.Nge2
Ne8 10.Be3 Nc7 11.O-O Ne6 12.Nb5 Ned4 13.Nexd4 cxd4 14.Bc1 Bd7 15.f4 f5 16.b3
Qb6 {#d} 1/2-1/2

[Event "Ch Brazil"]
[Site "masterchessopen.com - Sao Bernardo (Brazil)"]
[Round "9"]
[White "Rocha Antonio (BRA)"]
[Black "Camara Helder (BRA)"]
[Result "1/2-1/2"]
[WhiteElo "2300"]
[BlackElo "2347"]

1.c4 Nf6 2.Nc3 d6 3.g3 g6 4.Bg2 Bg7 5.e3 e5 6.Nge2 O-O 7.O-O Nc6 8.d4 exd4
9.exd4 Re8 10.b3 Bf5 11.Bb2 Qc8 12.Qd2 Bh3 13.d5 Bxg2 14.Kxg2 Ne7 15.Nd4 Nf5
16.Nxf5 Qxf5 {#d} 1/2-1/2

[Event "Ch World (team) (under 26) (prel-D)"]
[Site "masterchessopen.com - Dresden (Germany)"]
[Date "1969.08.02"]
[Round "2"]
[White "Hernandez Roman (CUB)"]
[Black "Schmidt Michael (GER)"]
[Result "1/2-1/2"]
[WhiteElo "2375"]
[BlackElo "2167"]

1.c4 Nf6 2.Nc3 d5 3.cxd5 Nxd5 4.g3 g6 5.Bg2 Nxc3 6.bxc3 Bg7 7.Nf3 c5 8.O-O Nc6
9.Qa4 Bd7 10.Rb1 b6 11.d3 O-O 12.Ng5 Nd4 13.Qd1 Nc6 14.Qa4 Nd4 15.Qd1 Nc6 {#d}
1/2-1/2

[Event "Ch Italy"]
[Site "masterchessopen.com - Sottomarina (Italy)"]
[Round "5"]
[White "Capece Adolivio (ITA)"]
[Black "Rosino Antonio (ITA)"]
[Result "1/2-1/2"]
[WhiteElo "2043"]
[BlackElo "2231"]

1.c4 Nf6 2.Nc3 d5 3.cxd5 Nxd5 4.Nf3 g6 5.g3 Bg7 6.Bg2 O-O 7.O-O Nxc3 8.dxc3
Nd7 9.Qc2 e5 10.Bg5 Qe8 11.Rad1 h6 12.Bc1 Nf6 13.Nd2 Rb8 14.b3 {#d} 1/2-1/2

[Event "Memorial Asztalos"]
[Site "masterchessopen.com - Baja (Hungary)"]
[Round "11"]
[White "Forintos Gyozo V (HUN)"]
[Black "Bagirov Vladimir (LAT)"]
[Result "1/2-1/2"]
[WhiteElo "2485"]
[BlackElo "2510"]

1.c4 Nf6 2.Nc3 d5 3.cxd5 Nxd5 4.g3 g6 5.Bg2 Nb6 6.d3 Bg7 7.Be3 N8d7 8.Qd2 Nf6
9.Bh6 O-O 10.Bxg7 Kxg7 11.Nf3 c6 12.b4 Bg4 {#d} 1/2-1/2

[Event "Ch Czechoslovakia (1/2 final) (B)"]
[Site "masterchessopen.com - Havirov (Czech Republic)"]
[Round "6"]
[White "Blatny Frantisek (CZE)"]
[Black "Seifert Milan (CZE)"]
[Result "1/2-1/2"]
[WhiteElo "2320"]
[BlackElo "2145"]

1.c4 Nf6 2.Nc3 g6 3.g3 Bg7 4.Bg2 d6 5.d3 O-O 6.Bg5 h6 7.Bd2 e5 8.Qc1 Kh7 9.Nf3
Re8 10.Ne4 c6 11.O-O d5 12.cxd5 cxd5 13.Nxf6+ Qxf6 14.Bc3 Nc6 15.b4 {#d}
1/2-1/2

[Event "Ch Poland"]
[Site "masterchessopen.com - Wroclaw (Poland)"]
[Round "11"]
[White "Dobrzynski Wojciech (POL)"]
[Black "Schmidt Wlodzimierz (POL)"]
[Result "1/2-1/2"]
[WhiteElo "2285"]
[BlackElo "2450"]

1.c4 Nf6 2.Nc3 d5 3.cxd5 Nxd5 4.g3 g6 5.Qa4+ Bd7 6.Qb3 Nb6 7.Bg2 Nc6 8.Nf3 Bg7
9.O-O O-O 10.Ne4 e5 11.d3 h6 12.Nc5 Bc8 13.Bd2 a5 14.a4 Re8 {#d} 1/2-1/2

[Event "Ch Czechoslovakia"]
[Site "masterchessopen.com - Luhacovice (Czech Republic)"]
[Round "14"]
[White "Minev Nikolay N (USA)"]
[Black "Banas Jan (SVK)"]
[Result "1/2-1/2"]
[WhiteElo "2370"]
[BlackElo "2318"]

1.c4 Nf6 2.Nc3 d5 3.cxd5 Nxd5 4.g3 g6 5.Bg2 Nb6 6.Nf3 Bg7 7.O-O O-O 8.d3 Nc6
9.Be3 h6 10.Qd2 Kh7 11.Bc5 Re8 12.Ba3 {#d} 1/2-1/2

[Event "It"]
[Site "masterchessopen.com - Los Angeles (USA)"]
[Round "5"]
[White "Gheorghiu Florin (ROM)"]
[Black "Commons Kim S (USA)"]
[Result "1/2-1/2"]
[WhiteElo "2540"]
[BlackElo "2420"]

1.c4 Nf6 2.Nc3 d5 3.cxd5 Nxd5 4.g3 e6 5.Bg2 Be7 6.Qb3 Nxc3 7.bxc3 Nc6 8.Nf3
O-O 9.O-O Na5 10.Qc2 c5 11.d3 b6 12.Ne5 Rb8 13.Rb1 Bb7 14.c4 Qc7 15.Bb2 Bxg2
16.Kxg2 Bf6 {#d} 1/2-1/2

[Event "It"]
[Site "masterchessopen.com - Lublin (Poland)"]
[Round "15"]
[White "Suba Mihai (ROM)"]
[Black "Szymczak Zbigniew (POL)"]
[Result "1/2-1/2"]
[WhiteElo "2460"]
[BlackElo "2279"]

1.c4 Nf6 2.Nc3 d5 3.cxd5 Nxd5 4.g3 g6 5.Bg2 Nxc3 6.bxc3 Bg7 7.Rb1 Nd7 8.Nf3
O-O 9.O-O c5 10.c4 Qc7 11.d3 Rb8 {#d} 1/2-1/2

[Event "Ch Bulgaria"]
[Site "masterchessopen.com - Bulgaria"]
[Round "1"]
[White "Atanasov Petko (BUL)"]
[Black "Ermenkov Evgenij (PLE)"]
[Result "1/2-1/2"]
[WhiteElo "2342"]
[BlackElo "2431"]

1.c4 Nf6 2.Nc3 d5 3.cxd5 Nxd5 4.g3 g6 5.Bg2 Nb6 6.Nf3 Bg7 7.O-O Nc6 8.b3 O-O
9.Bb2 e5 10.d3 Re8 11.Rc1 Nd4 12.Re1 c6 13.Nd2 Qe7 14.Nc4 Nxc4 15.bxc4 Bg4
16.h3 Be6 {#d} 1/2-1/2

[Event "It"]
[Site "masterchessopen.com - Pernik (Bulgaria)"]
[Round "6"]
[White "Ogaard Leif (NOR)"]
[Black "Kirov Nino (BUL)"]
[Result "1/2-1/2"]
[WhiteElo "2408"]
[BlackElo "2485"]

1.c4 Nf6 2.Nc3 d5 3.cxd5 Nxd5 4.g3 Nxc3 5.bxc3 g6 6.Bg2 Bg7 7.Rb1 Nd7 8.Nf3
O-O 9.O-O Nb6 10.Qc2 Bd7 {#d} 1/2-1/2

[Event "It (a)"]
[Site "masterchessopen.com - Decin (Czech Republic)"]
[Round "9"]
[White "Fernandez Juan C (CUB)"]
[Black "Malich Burkhard Dr (GER)"]
[Result "1/2-1/2"]
[WhiteElo "2396"]
[BlackElo "2530"]

1.c4 Nf6 2.Nc3 c6 3.e4 e5 4.Nf3 Bb4 5.Nxe5 O-O 6.Be2 Re8 7.Nd3 Bxc3 8.dxc3
Nxe4 9.O-O d5 10.cxd5 Qxd5 11.Be3 Bf5 12.Nf4 Qxd1 13.Rfxd1 Nf6 {#d} 1/2-1/2

[Event "?"]
[Site "masterchessopen.com - Polanica Zdroj (Poland)"]
[Round "13"]
[White "Ghitescu Theodor (ROM)"]
[Black "Kirov Nino (BUL)"]
[Result "1/2-1/2"]
[WhiteElo "2440"]
[BlackElo "2435"]

1.c4 Nf6 2.Nc3 d5 3.cxd5 Nxd5 4.g3 g6 5.Bg2 Nxc3 6.bxc3 Bg7 7.Rb1 Nd7 8.Nf3
O-O 9.O-O Nb6 10.Qc2 Bd7 11.d3 Ba4 12.Qb2 Bc6 13.Qc2 Ba4 14.Qb2 Bc6 15.Qc2
{#d} 1/2-1/2

[Event "It"]
[Site "masterchessopen.com - Decin (Czech Republic)"]
[Round "0"]
[White "Trapl Jindrich (CZE)"]
[Black "Banas Jan (SVK)"]
[Result "1/2-1/2"]
[WhiteElo "2336"]
[BlackElo "2355"]

1.c4 Nf6 2.Nc3 d5 3.cxd5 Nxd5 4.Nf3 g6 5.e4 Nxc3 6.dxc3 Qxd1+ 7.Kxd1 e6 8.Be3
Nc6 9.Bb5 Bd7 10.Ke2 Bg7 11.Rhd1 a6 12.Bd3 h6 13.a4 g5 14.Nd2 {#d} 1/2-1/2

[Event "It \"]
[Site "masterchessopen.com - Amsterdam (Netherlands)"]
[Round "0"]
[White "Jussupow Artur (GER)"]
[Black "Kirov Nino (BUL)"]
[Result "1/2-1/2"]
[WhiteElo "2450"]
[BlackElo "2465"]

1.c4 Nf6 2.Nc3 d5 3.cxd5 Nxd5 4.g3 g6 5.Bg2 Nxc3 6.bxc3 Bg7 7.Rb1 Nd7 8.Nf3
O-O 9.O-O Nb6 10.Ng5 Rb8 11.Ne4 Be6 12.Qc2 Bd5 13.d3 h6 14.c4 Bc6 15.Bb2 e5
{#d} 1/2-1/2

[Event "It (a)"]
[Site "masterchessopen.com - Bydgoszcz (Poland)"]
[Round "15"]
[White "Tomaszewski Roman (POL)"]
[Black "Maciejewski Andrzej (POL)"]
[Result "1/2-1/2"]
[WhiteElo "2332"]
[BlackElo "2334"]

1.c4 Nf6 2.Nc3 g6 3.g3 Bg7 4.Bg2 O-O 5.e4 d6 6.Nge2 e5 7.O-O Be6 8.d3 Qd7
9.Nd5 c6 10.Nxf6+ Bxf6 {#d} 1/2-1/2

[Event "It"]
[Site "masterchessopen.com - Sofia (Bulgaria)"]
[Round "4"]
[White "Padevsky Nikola (BUL)"]
[Black "Georgiev Krum (BUL)"]
[Result "1/2-1/2"]
[WhiteElo "2355"]
[BlackElo "2432"]

1.c4 Nf6 2.Nc3 g6 3.g3 Bg7 4.Bg2 O-O 5.e3 e5 6.Nge2 d6 7.O-O Re8 8.h3 Nbd7
9.d3 c6 10.Rb1 a5 11.a3 Nf8 12.b4 axb4 13.Rxb4 Ne6 14.Kh2 d5 15.cxd5 cxd5 {#d}
1/2-1/2

[Event "Ch Yugoslavia"]
[Site "masterchessopen.com - Skender Vakuf (Yugoslavia)"]
[Round "7"]
[White "Bukal Vladimir (CRO)"]
[Black "Sahovic Dragutin (SCG)"]
[Result "1/2-1/2"]
[WhiteElo "2403"]
[BlackElo "2485"]

1.c4 Nf6 2.Nc3 b6 3.e4 Bb7 4.d3 c5 5.g3 e6 6.Bg2 d6 7.Nf3 Be7 8.O-O O-O 9.Ne1
Nc6 10.f4 Nd7 11.Be3 Bf6 12.Nf3 {#d} 1/2-1/2

[Event "It \"]
[Site "masterchessopen.com - Prague (Czech Republic)"]
[Round "0"]
[White "Neckar Lubomir (CZE)"]
[Black "Modr Bretislav (CZE)"]
[Result "1/2-1/2"]
[WhiteElo "2375"]
[BlackElo "2331"]

1.c4 Nf6 2.Nc3 d5 3.cxd5 Nxd5 4.Nf3 g6 5.e4 Nxc3 6.dxc3 Qxd1+ 7.Kxd1 e6 8.Kc2
Nd7 9.Bf4 Bd6 10.Bxd6 cxd6 11.Nd4 Ke7 12.f3 Ne5 13.Rd1 Rd8 14.Rd2 Bd7 15.Be2
{#d} 1/2-1/2

[Event "?"]
[Site "masterchessopen.com - Smederevska Palanka (Yugoslavia)"]
[Round "0"]
[White "Rajkovic Dusan (SRB)"]
[Black "Ermenkov Evgenij (PLE)"]
[Result "1/2-1/2"]
[WhiteElo "2470"]
[BlackElo "2490"]

1.c4 Nf6 2.Nc3 d5 3.cxd5 Nxd5 4.g3 g6 5.Bg2 Nxc3 6.bxc3 Bg7 7.Rb1 Nd7 8.Nf3
O-O 9.O-O Nb6 10.Qc2 Bd7 11.Bb2 Ba4 12.Qc1 Bc6 13.c4 Bxb2 14.Rxb2 {#d} 1/2-1/2

[Event "It"]
[Site "masterchessopen.com - Teubl (Austria)"]
[Round "9"]
[White "Krause Christian (GER)"]
[Black "Witkowski Stefan (POL)"]
[Result "1/2-1/2"]
[WhiteElo "2149"]
[BlackElo "2178"]

1.c4 Nf6 2.Nc3 d5 3.cxd5 Nxd5 4.e4 Nxc3 5.bxc3 c5 6.f4 e6 7.Nf3 Be7 8.Be2 O-O
9.O-O b6 10.d4 Bb7 11.Qd3 Ba6 12.Qc2 Bxe2 13.Qxe2 Qc7 {#d} 1/2-1/2

[Event "Ch Cleveland"]
[Site "masterchessopen.com - Farum (Denmark)"]
[Round "8"]
[White "Davies Nigel R (ENG)"]
[Black "Gallmeyer Peter (DEN)"]
[Result "1/2-1/2"]
[WhiteElo "2410"]
[BlackElo "2235"]

1.c4 Nf6 2.Nc3 d5 3.cxd5 Nxd5 4.g3 g6 5.Bg2 Nb6 6.b3 Bg7 7.Bb2 O-O 8.Nf3 a5
9.O-O Bd7 10.d3 Bc6 11.Rc1 a4 12.bxa4 N8d7 13.Qd2 Nc5 14.h4 Bxf3 15.Bxf3 Nc4
{#d} 1/2-1/2

[Event "Olympiad"]
[Site "masterchessopen.com - Lucerne (Switzerland)"]
[Round "13"]
[White "Delaney John (IRL)"]
[Black "Kaabi Mejdi (TUN)"]
[Result "1/2-1/2"]
[WhiteElo "2205"]
[BlackElo "2344"]

1.c4 Nf6 2.Nc3 g6 3.g3 Bg7 4.Bg2 O-O 5.e4 d6 6.Nge2 c5 7.d3 Nc6 8.Rb1 Bd7 9.h3
Ne8 10.O-O Nc7 11.a3 Rb8 12.Be3 Ne6 13.b4 b6 14.Qd2 Ned4 15.Bxd4 cxd4 16.Nd5
e6 {#d} 1/2-1/2

[Event "It"]
[Site "masterchessopen.com - Poznan (Poland)"]
[Round "11"]
[White "Jankovec Ivan (CZE)"]
[Black "Maciejewski Andrzej (POL)"]
[Result "1/2-1/2"]
[WhiteElo "2345"]
[BlackElo "2345"]

1.c4 Nf6 2.Nc3 g6 3.g3 Bg7 4.Bg2 O-O 5.d3 c6 6.e4 e5 7.Nge2 d6 8.O-O a5 9.h3
Ne8 10.Kh2 Na6 11.f4 {#d} 1/2-1/2

[Event "It"]
[Site "masterchessopen.com - Dresden (Germany)"]
[Round "8"]
[White "Reer Erdmann (GER)"]
[Black "Centonzio Francesco (CHI)"]
[Result "1-0"]
[WhiteElo "2062"]
[BlackElo "1965"]

1.c4 Nf6 2.Nc3 g6 3.g3 Bg7 4.Bg2 O-O 5.e4 e5 6.Nge2 c5 7.d3 d6 8.h3 Nc6 9.a3
a6 10.Rb1 Rb8 11.b4 cxb4 12.axb4 b5 13.cxb5 axb5 14.Bg5 h6 15.Be3 Be6 {#r} 1-0

[Event "?"]
[Site "masterchessopen.com - URS"]
[Round "1"]
[White "Chernin Alexander (HUN)"]
[Black "Ehlvest Jaan (USA)"]
[Result "1/2-1/2"]
[WhiteElo "2475"]
[BlackElo "2505"]

1.c4 Nf6 2.Nc3 g6 3.g3 Bg7 4.Bg2 O-O 5.d3 d6 6.Nf3 Nc6 7.O-O Rb8 8.Rb1 a6
9.Nd2 Nh5 10.e3 Bd7 11.Bf3 Nf6 12.Bg2 Nh5 13.Bf3 Nf6 14.Bg2 Nh5 15.Bf3 {#d}
1/2-1/2

[Event "It"]
[Site "masterchessopen.com - Portoroz/Ljubljana (Slovenia)"]
[Round "3"]
[White "Karlsson Lars (SWE)"]
[Black "Gligoric Svetozar (SRB)"]
[Result "1/2-1/2"]
[WhiteElo "2550"]
[BlackElo "2520"]

1.c4 Nf6 2.Nc3 g6 3.g3 Bg7 4.Bg2 O-O 5.e3 c6 6.Qb3 d6 7.Nge2 Nbd7 8.O-O e5
9.d3 Re8 10.Qc2 Nf8 11.e4 Nh5 12.Be3 f5 13.Qd2 Ne6 14.f4 Nd4 15.Rae1 Be6 16.b3
{#d} 1/2-1/2

[Event "Ch NRW (juniors) (under 18)"]
[Site "masterchessopen.com - Buende (Germany)"]
[Round "4"]
[White "Heinbuch Detlef (GER)"]
[Black "Tomaszewski Roman (POL)"]
[Result "1/2-1/2"]
[WhiteElo "2295"]
[BlackElo "2410"]

1.c4 Nf6 2.Nc3 d5 3.cxd5 Nxd5 4.g3 g6 5.Bg2 Nxc3 6.bxc3 Bg7 7.Rb1 Nd7 8.Nf3
O-O 9.O-O Nb6 10.Qc2 Bd7 11.d3 c5 12.c4 Ba4 13.Qd2 Bc6 14.Qe3 Na4 {#d} 1/2-1/2

[Event "?"]
[Site "masterchessopen.com - Bor (Yugoslavia)"]
[Round "0"]
[White "Dizdarevic Emir (CRO)"]
[Black "Nikolic Zivoslav (SRB)"]
[Result "1/2-1/2"]
[WhiteElo "2470"]
[BlackElo "2475"]

1.c4 Nf6 2.Nc3 d5 3.cxd5 Nxd5 4.g3 Nxc3 5.bxc3 g6 6.Bg2 Bg7 7.a4 a5 8.Qb3 Nc6
9.Nf3 O-O 10.O-O Ra6 11.d3 Rb6 {#d} 1/2-1/2

[Event "Ch RLP"]
[Site "masterchessopen.com - Rheinland-Pfalz (Germany)"]
[Round "3"]
[White "Mueller Marcus (GER)"]
[Black "Labin Sascha (GER)"]
[Result "1/2-1/2"]
[WhiteElo "2167"]
[BlackElo "2021"]

1.c4 Nf6 2.Nc3 d6 3.Nf3 e5 4.g3 g6 5.Bg2 Bg7 6.O-O O-O 7.Rb1 Nh5 8.d4 Bf5 9.e4
Bg4 10.d5 f5 11.Qb3 Nd7 12.Nd2 {#d} 1/2-1/2

[Event "Ch URS (1 liga)"]
[Site "masterchessopen.com - Kursk (Russia)"]
[Round "0"]
[White "Vaulin Alexander (RUS)"]
[Black "Sorokin Maxim (RUS)"]
[Result "1/2-1/2"]
[WhiteElo "2515"]
[BlackElo "2490"]

1.c4 Nf6 2.Nc3 c6 3.e4 d5 4.cxd5 cxd5 5.e5 Ne4 6.Nxe4 dxe4 7.Qa4+ Nc6 8.Qxe4
Qa5 9.Nf3 Be6 10.Be2 Bd5 11.Qe3 e6 12.O-O Rd8 {#d} 1/2-1/2

[Event "It"]
[Site "masterchessopen.com - Zug (Switzerland)"]
[Round "8"]
[White "Ballmann Martin (SUI)"]
[Black "Iten Peter (SUI)"]
[Result "1/2-1/2"]
[WhiteElo "2290"]
[BlackElo "2255"]

1.c4 Nf6 2.Nc3 d5 3.cxd5 Nxd5 4.g3 g6 5.Bg2 Nxc3 6.bxc3 Bg7 7.h4 h6 8.Rb1 Nd7
9.Qc2 Rb8 10.c4 b6 11.Bb2 e5 12.Qa4 a6 13.Ba3 Bf8 14.Bxf8 Kxf8 15.d3 Nc5 {#d}
1/2-1/2

[Event "?"]
[Site "masterchessopen.com - Frunze (Kyrgyzstan)"]
[Round "0"]
[White "Kharitonov Andrei V (RUS)"]
[Black "Neverov Valeriy (UKR)"]
[Result "1/2-1/2"]
[WhiteElo "2550"]
[BlackElo "2440"]

1.c4 Nf6 2.Nc3 d5 3.cxd5 Nxd5 4.g3 g6 5.Bg2 Nxc3 6.bxc3 Bg7 7.h4 h6 8.Rb1 Nd7
9.Ba3 O-O 10.Qb3 c5 11.Nf3 Rb8 12.O-O b6 13.d4 Bb7 14.Rbd1 {#d} 1/2-1/2

[Event "It (cat.10)"]
[Site "masterchessopen.com - Sarajevo (Bosnia & Herzegovina)"]
[Round "1"]
[White "Dorfman Iossif D (FRA)"]
[Black "Lalic Bogdan (ENG)"]
[Result "1/2-1/2"]
[WhiteElo "2540"]
[BlackElo "2456"]

1.c4 Nf6 2.Nc3 d5 3.cxd5 Nxd5 4.Nf3 g6 5.Qa4+ Bd7 6.Qh4 Bc6 7.Ne5 Bg7 8.Nxc6
Nxc6 9.Qe4 e6 10.e3 O-O 11.Be2 Nce7 12.Qc4 c6 13.O-O Rc8 14.Qb3 Qb6 15.Ne4 c5
16.Qxb6 {#d} 1/2-1/2

[Event "Ch France"]
[Site "masterchessopen.com - Val Thorens (France)"]
[Round "0"]
[White "Donnenfeld Patrice (FRA)"]
[Black "Vareille Francois (FRA)"]
[Result "1/2-1/2"]
[WhiteElo "2136"]
[BlackElo "2385"]

1.c4 Nf6 2.Nc3 d5 3.cxd5 Nxd5 4.Nf3 g6 5.e4 Nb6 6.d4 Bg4 7.Be3 Bg7 8.Be2 O-O
9.h3 Bxf3 10.gxf3 Nc6 {#d} 1/2-1/2

[Event "It"]
[Site "masterchessopen.com - Albacete (Spain)"]
[Round "0"]
[White "Gomez Esteban Juan Mario (ESP)"]
[Black "Alvarez Ibarra Rafael (ESP)"]
[Result "1/2-1/2"]
[WhiteElo "2440"]
[BlackElo "2368"]

1.c4 Nf6 2.Nc3 d5 3.cxd5 Nxd5 4.Nf3 g6 5.Qa4+ Bd7 6.Qh4 Nxc3 7.dxc3 Nc6 8.e4
e5 9.Qg3 Bd6 10.h4 Qe7 11.h5 O-O-O 12.Be3 Bc5 {#d} 1/2-1/2

[Event "Ch Hessen"]
[Site "masterchessopen.com - Hessen (Germany)"]
[Round "0"]
[White "Alber Horst (GER)"]
[Black "Roeschlau Bernd (GER)"]
[Result "1/2-1/2"]
[WhiteElo "2340"]
[BlackElo "2222"]

1.c4 Nf6 2.Nc3 d5 3.cxd5 Nxd5 4.g3 g6 5.Bg2 Nxc3 6.bxc3 Bg7 7.Rb1 Nd7 8.Nf3
O-O 9.O-O c5 10.c4 Nb6 11.d3 Bd7 12.Bb2 Bc6 {#d} 1/2-1/2

[Event "Ch Yugoslavia"]
[Site "masterchessopen.com - Pljevlja (Bosnia & Herzegovina)"]
[Round "1"]
[White "Drasko Milan (MNE)"]
[Black "Nikolic Zivoslav (SRB)"]
[Result "1/2-1/2"]
[WhiteElo "2505"]
[BlackElo "2402"]

1.c4 Nf6 2.Nc3 d5 3.cxd5 Nxd5 4.g3 Nxc3 5.bxc3 g6 6.Bg2 Bg7 7.Rb1 Nc6 8.Nf3
O-O 9.O-O e5 10.Ba3 e4 11.Ne1 Re8 {#d} 1/2-1/2

[Event "It \"]
[Site "masterchessopen.com - Prague (Czech Republic)"]
[Round "8"]
[White "Laketic Gojko (SRB)"]
[Black "Konopka Michal (CZE)"]
[Result "1/2-1/2"]
[WhiteElo "2443"]
[BlackElo "2436"]

1.c4 Nf6 2.Nc3 d5 3.cxd5 Nxd5 4.Nf3 g6 5.Qa4+ Bd7 6.Qb3 Nb6 7.Ng5 e6 8.d3 Bg7
9.Nge4 O-O 10.Bg5 f6 11.Bd2 {#d} 1/2-1/2

[Event "Ch Cuba"]
[Site "masterchessopen.com - S-Spiritus (Cuba)"]
[Round "0"]
[White "Pina Ulises (CUB)"]
[Black "Andres Miguel (CUB)"]
[Result "1/2-1/2"]
[WhiteElo "2302"]
[BlackElo "2380"]

1.c4 Nf6 2.Nc3 g6 3.b4 Bg7 4.g3 O-O 5.Bg2 c6 6.Nf3 d5 7.cxd5 cxd5 8.Ne5 e6
9.O-O Nfd7 10.Nxd7 Bxd7 11.e3 Nc6 {#d} 1/2-1/2

[Event "It"]
[Site "masterchessopen.com - San Jose (Uruguay)"]
[Round "0"]
[White "Filguth Rubens A (BRA)"]
[Black "Antognazza Bruno (URU)"]
[Result "1-0"]
[WhiteElo "2410"]
[BlackElo "1922"]

1.c4 Nf6 2.Nc3 g6 3.g3 Bg7 4.Bg2 d6 5.e4 e5 6.Nge2 Nc6 7.O-O Be6 8.d3 Qd7
9.Nd5 a5 10.Bh6 Nxd5 11.Bxg7 Bg4 12.cxd5 {#r} 1-0

[Event "Zt"]
[Site "masterchessopen.com - Windsor (Canada)"]
[Round "0"]
[White "Huda Rehan (CAN)"]
[Black "Bailey Doug (CAN)"]
[Result "1/2-1/2"]
[WhiteElo "2295"]
[BlackElo "2248"]

1.c4 Nf6 2.Nc3 d5 3.cxd5 Nxd5 4.g3 g6 5.Bg2 Nb6 6.Nf3 Bg7 7.d3 O-O 8.O-O Nc6
9.Be3 e5 10.Qc1 Re8 {#d} 1/2-1/2

[Event "Ch Hungary (open)"]
[Site "masterchessopen.com - Gyor (Hungary)"]
[Round "0"]
[White "Videki Sandor (HUN)"]
[Black "Zezulkin Jurij (BLR)"]
[Result "1/2-1/2"]
[WhiteElo "2441"]
[BlackElo "2450"]

1.c4 Nf6 2.Nc3 d5 3.cxd5 Nxd5 4.g3 g6 5.Bg2 Nb6 6.d3 Bg7 7.Be3 O-O 8.Qd2 Nc6
9.Bh6 Nd4 10.Rc1 c6 11.h4 {#d} 1/2-1/2

[Event "It \"]
[Site "masterchessopen.com - Prague (Czech Republic)"]
[Round "9"]
[White "Lanzendoerfer Johannes (GER)"]
[Black "Schlemmermeyer Wilhelm (GER)"]
[Result "1/2-1/2"]
[WhiteElo "2207"]
[BlackElo "2390"]

1.c4 Nf6 2.Nc3 d5 3.cxd5 Nxd5 4.Nf3 g6 5.e4 Nxc3 6.dxc3 Qxd1+ 7.Kxd1 Bg4 8.Bf4
c6 9.Kc2 Nd7 10.Ne5 Nxe5 11.Bxe5 f6 {#d} 1/2-1/2

[Event "Ch Poland"]
[Site "masterchessopen.com - Cetniewo (Poland)"]
[Round "11"]
[White "Staniszewski Piotr (POL)"]
[Black "Urban Klaudiusz (POL)"]
[Result "1/2-1/2"]
[WhiteElo "2423"]
[BlackElo "2465"]

1.c4 Nf6 2.Nc3 d5 3.cxd5 Nxd5 4.Nf3 g6 5.h4 h6 6.d3 Bg7 7.Bd2 Nc6 8.g3 O-O
9.Bg2 Nf6 10.Qc1 Kh7 11.O-O e5 {#d} 1/2-1/2

[Event "It (open) \"]
[Site "masterchessopen.com - Cologne (Germany)"]
[Round "4"]
[White "Rohde Ulrich (GER)"]
[Black "Claassen Joerg (GER)"]
[Result "1/2-1/2"]
[WhiteElo "2204"]
[BlackElo "2213"]

1.c4 Nf6 2.Nc3 d5 3.cxd5 Nxd5 4.Nf3 g6 5.Qa4+ Nc6 6.Ne5 Nxc3 7.dxc3 Qd5 8.Nxc6
Qxc6 9.Qxc6+ bxc6 10.Bf4 Bg7 11.Bxc7 Be6 12.e4 a5 13.a4 O-O 14.Be2 Ra7 {#d}
1/2-1/2

[Event "Bundesliga 1990/91"]
[Site "masterchessopen.com - Germany"]
[Round "0"]
[White "Winkeler Uwe (GER)"]
[Black "Erlach Olaf (GER)"]
[Result "1/2-1/2"]
[WhiteElo "2244"]
[BlackElo "2182"]

1.c4 Nf6 2.Nc3 d5 3.cxd5 Nxd5 4.Nf3 g6 5.e4 Nxc3 6.dxc3 Qxd1+ 7.Kxd1 f6 8.Be3
e5 9.Bc4 Nd7 10.Nd2 Bc5 11.Ke2 Bxe3 12.Kxe3 Nb6 13.Bb3 Ke7 14.Nc4 Nxc4+ {#d}
1/2-1/2

[Event "Zt (w)"]
[Site "masterchessopen.com - Hajduszoboszlo (Hungary)"]
[Round "3"]
[White "Foisor Cristina Adela (ROM)"]
[Black "Veroci Zsuzsa (HUN)"]
[Result "1/2-1/2"]
[WhiteElo "2350"]
[BlackElo "2253"]

1.c4 Nf6 2.Nc3 d5 3.cxd5 Nxd5 4.g3 g6 5.Bg2 Nxc3 6.bxc3 Bg7 7.Rb1 Nd7 8.h4 Nb6
9.h5 c5 10.hxg6 hxg6 11.Rxh8+ Bxh8 12.c4 Bf5 {#d} 1/2-1/2